Every City The Beatles Performed In Map - Statistics

General Stats
  • This quiz has been taken 815 times
    301 since last reset
  • The average score is 63 of 188
Answers on the Map
Answers color-coded by a green-red scale on the quiz's map according to % correct below.
 
Answer Stats
Country City / Town % Correct
United States New York
86%
England London
85%
England Liverpool
84%
United States Los Angeles
82%
United States Miami
82%
France Paris
82%
Australia Sydney
80%
Spain Madrid
79%
Italy Rome
79%
Germany Hamburg
77%
United States San Francisco
77%
Japan Tokyo
77%
England Manchester
75%
Netherlands Amsterdam
74%
Spain Barcelona
74%
Ireland Dublin
74%
United States Chicago
73%
Scotland Edinburgh
73%
Scotland Glasgow
73%
Australia Melbourne
73%
United States Washington
73%
United States Boston
72%
United States Houston
71%
United States Las Vegas
71%
United States Seattle
71%
Canada Toronto
70%
United States Dallas
68%
Philippines Manila
68%
United States New Orleans
68%
United States San Diego
68%
Sweden Stockholm
68%
New Zealand Auckland
67%
United States Detroit
67%
United States Philadelphia
67%
United States Atlanta
66%
New Zealand Wellington
66%
England Birmingham
65%
Canada Vancouver
65%
Northern Ireland Belfast
64%
Denmark Copenhagen
64%
Italy Milan
64%
Hong Kong Hong Kong
63%
United States Morrison
63%
Wales Cardiff
62%
Canada Montreal
62%
United States Portland
62%
Germany Munich
61%
France Nice
60%
Australia Adelaide
59%
United States Bloomington
59%
Australia Brisbane
59%
England Leeds
59%
France Lyon
58%
United States St Louis
58%
United States Baltimore
57%
United States Jacksonville
57%
United States Kansas City
57%
Scotland Aberdeen
55%
United States Indianapolis
55%
United States Milwaukee
55%
England Newcastle
55%
United States Cleveland
54%
United States Pittsburgh
54%
New Zealand Christchurch
53%
United States Memphis
52%
England Bristol
50%
United States Cincinnati
50%
England Cambridge
48%
England Oxford
48%
England Southampton
48%
England Sheffield
46%
England Brighton
45%
Sweden Gothenburg
45%
England Nottingham
43%
Italy Genoa
42%
England York
42%
United States Atlantic City
41%
England Leicester
41%
England Plymouth
41%
England Norwich
40%
England Portsmouth
39%
England Blackpool
37%
Scotland Dundee
37%
England Hull
34%
England Bath
32%
England Ipswich
31%
England Bournemouth
30%
England Exeter
30%
England Wolverhampton
30%
England Chester
29%
England Sunderland
29%
England Northampton
28%
England Coventry
26%
New Zealand Dunedin
26%
England Gloucester
26%
England Luton
26%
France Versailles
25%
England Bradford
24%
England Stoke-on-Trent
24%
England Carlisle
23%
England Lincoln
23%
England Southend-on-Sea
23%
England Middlesbrough
22%
England Preston
21%
England Worcester
21%
England Birkenhead
18%
England Peterborough
18%
Germany Essen
17%
England Wigan
16%
England Doncaster
15%
England Huddersfield
15%
England Warrington
15%
England Southport
14%
England Swindon
14%
England Scarborough
13%
England Bedford
12%
England Great Yarmouth
12%
England Margate
12%
England Oldham
12%
England Shrewsbury
12%
England Stockport
12%
England Torquay
12%
England Cheltenham
11%
England Salisbury
11%
England Slough
11%
England St Helens
11%
Jersey St Helier
11%
England Weston-super-Mare
11%
England Bootle
9%
Scotland Elgin
9%
England Guildford
9%
Wales Llandudno
9%
Wales Rhyl
9%
England Mansfield
8%
England Morecambe
8%
England Stockton-on-Tees
8%
Guernsey St Peter Port
8%
England Taunton
8%
England Wallasey
8%
England Widnes
8%
England Croydon
7%
England Ellesmere Port
7%
England Harrogate
7%
England Runcorn
7%
England Stowe
7%
England Wakefield
7%
England Bebington
6%
Sweden Borås
6%
England Crewe
6%
Scotland Dingwall
6%
England Fleetwood
6%
Sweden Karlstad
6%
England Aldershot
5%
England Chatham
5%
England Earlestown
5%
Sweden Eskilstuna
5%
England Heswall
5%
England Hoylake
5%
Scotland Kirkcaldy
5%
England Macclesfield
5%
Wales Mold
5%
England Northwich
5%
Wales Prestatyn
5%
England Stroud
5%
England Tamworth
5%
England Buxton
4%
England Crosby
4%
England Darwen
4%
England Litherland
4%
England Nelson
4%
England Nuneaton
4%
England Sutton Coldfield
4%
Wales Abergavenny
3%
Scotland Bridge of Allan
3%
England Frodsham
3%
England Huyton
3%
England Romford
3%
England Seaforth
3%
Netherlands Blokker
2%
England Lydney
2%
England Maghull
2%
England Middleton
2%
England Old Hill
2%
England Smethwick
2%
England Tenbury Wells
2%
England Urmston
2%
England Whitchurch
2%
Netherlands Hillegom
1%
No matching quizzes found
Score Distribution
Percent of People with Each Score
Percentile by Number Answered
Your Score History
You have not taken this quiz since the last reset